000
00259nam a2200097Ia 4500
008
240331s9999 xx 000 0 und d
082
_b
VEE
100
_a
Veeraman, K,
245
0
_a
According to Law we are still Shudras-But how? :
_b
A socio-legal study
942
_c
L
999
_c
2808
_d
2808